000 01265nam a22003737a 4500
001 78
003 FISKH
005 20230221155913.0
008 230221b cb ||||| |||| 00| 0 eng d
010 _a 2005935753
020 _a9780375839238
040 _aDLC
_cDLC
_dDLC
_dFISKH
_beng
042 _alcac
050 0 0 _aPZ8.3.W653
_bAni 2007
082 0 0 _a813.54
_222
100 1 _aWiersum, Gale.
245 1 4 _aThe animals' Christmas eve /
_cby Gale Wiersum ; illustrated by Alex Steele Morgan.
250 _a1st Random House ed.
260 _aNew York :
_bGolden Books,
_c2007.
300 _a12 leaves of plates
_bcol. ill. ;
_c21 cm.
490 0 _aA Little Golden book
521 8 _a370
_bLexile
521 8 _aF
_bRaz-Plus
600 0 0 _aJesus Christ
_xNativity
_vFiction.
600 0 1 _aJesus Christ
_xNativity
_vFiction.
650 1 _aStories in rhyme.
650 1 _aAnimals
_vFiction.
650 1 _aChristmas
_vFiction.
700 1 _aSteele-Morgan, Alexandra.
856 4 2 _3Publisher description
_uhttp://www.loc.gov/catdir/enhancements/fy0703/2005935753-d.html
856 4 2 _3Contributor biographical information
_uhttp://www.loc.gov/catdir/enhancements/fy0703/2005935753-b.html
906 _a7
_bcbc
_corigcop
_d2
_eepcn
_f20
_gy-gencatlg
942 _2ddc
_cBK
_n0
999 _c78
_d78